Music Quiz

Random Music or Song Quiz

Artist by First #1 Hit Quiz Stats

Quiz Updated May 28, 2015

Also try: First Hit Song
Challenge
Share
Tweet
Embed
Score 0/25 Timer 03:00
1 Play Today
% Correct
Madonna
94%
Katy Perry
90.1%
The Beatles
88.6%
Britney Spears
88%
Bon Jovi
84.2%
The Rolling Stones
81.8%
Christina Aguilera
80.7%
Eminem
79.6%
Beyoncé
78.6%
Bruno Mars
77.7%
The Beach Boys
77%
Nelly
75.6%
Phil Collins
66.1%
% Correct
Rihanna
65.7%
Whitney Houston
63.4%
Outkast
63.2%
The Supremes
62.7%
Michael Jackson
58.8%
Boyz II Men
58.3%
Lil Wayne
53.9%
Bee Gees
52.6%
TLC
52.4%
Mariah Carey
50.5%
Usher
46%
Janet Jackson
45.6%

You're not logged in!

Compare scores with friends on all Sporcle quizzes.
Sign Up with Email
OR
Log In

You Might Also Like...

Show Comments

Extras

Top Quizzes Today


Score Distribution

Your Account Isn't Verified!

In order to create a playlist on Sporcle, you need to verify the email address you used during registration. Go to your Sporcle Settings to finish the process.